000 01349ctm a2200301 i 4500
003 SA-RiAUC
005 20250817032151.0
008 250817s1903 xx g 00000 ara c
040 _aSA-RiIMS
_bara
_cSA-RiAUC
_erda
082 0 4 _a216.4
090 _a216.4
_bا ب ن ت
100 1 _aابن تيمية، أحمد بن عبد الحليم بن عبد السلام،
_d661-728 هجري
_eمؤلف.
245 1 0 _aمنهاج السنة النبوية في نقض كلام الشيعة القدرية /
_cأحمد بن عبد الحليم بن عبد السلام ابن تيمية.
250 _aالطبعة الأولى،
264 0 _c[1903]
_aالقاهرة:
_bالمطبعة الأميرية.
300 _aمجلد،
_c25 × 18 سم
336 _aنص
_btxt
_2rdacontent
_3مخطوطة
337 _aبدون وسيط
_bn
_2rdamedia
338 _aمجلد
_bnc
_2rdacarrier
500 _aنسخ : عبد الله بن عائض.
500 _aخط نسخي.
650 7 _aعلم الكلام
_xدفع مطاعن
_vمخطوطات
_2aucsh
650 7 _aالشيعة (فرقة إسلامية)
_vمخطوطات
_2aucsh
650 7 _aالقدرية (فرقة إسلامية)
_vمخطوطات
_2aucsh
942 _2ddc
_cRARE BOOK
949 _aSA-JeALM
_d250817
_ukhaled123
_n1
999 _c10846
_d10846